| 000 | 00534nam a22001817a 4500 | ||
|---|---|---|---|
| 003 | CEME | ||
| 005 | 20210628203440.0 | ||
| 008 | 210122b xxu||||| |||| 00| 0 eng d | ||
| 020 | _a3-540-23956-1 | ||
| 040 | _c. | ||
| 082 | _a629.8932 CUS | ||
| 100 |
_aOllero, Anibal , Cuesta, Federico _965525 |
||
| 245 | _aIntelligent mobile robot navigation | ||
| 260 |
_aNEW YORK _bSPRINGER _c2005 |
||
| 300 | _aXIII,204 P | ||
| 650 |
_aMOBILE ROBOT NAVIGATION.ROBOT NAVIGATION.INTELLIGENT MOBILE ROBOT NAVIGATION _965526 |
||
| 942 |
_cBK _2ddc |
||
| 999 |
_c573706 _d573706 |
||